000 00865cam a22002654a 4500
001 13029719
005 20180307032124.0
008 021213s2004 maua b 001 0 eng
010 _a 2002044909
020 _a0072557524 (alk. paper)
020 _a0071215581 (international : alk. paper)
040 _aDLC
_cDLC
_dDLC
041 _aeng
042 _apcc
080 _a658.15 ric
082 0 0 _a658.15 ric
_221
100 1 _a53
101 _aman
245 1 0 _aFundamentals of corporate finance /
_cRichard A. Brealey, Stewart C. Myers, Alan J. Marcus.
246 3 0 _aCorporate finance
504 _aIncludes bibliographical references and index.
906 _a7
_bcbc
_corignew
_d1
_eocip
_f20
_gy-gencatlg
942 _2ddc
_cBK
999 _c44240
_d44240